Calculus.. Fear no more: a review and reference for college and university cources. / (Record no. 6593)

MARC details
000 -LEADER
fixed length control field 00472nam a22001457a 4500
008 - FIXED-LENGTH DATA ELEMENTS--GENERAL INFORMATION
fixed length control field 180418b xxu||||| |||| 00| 0 eng d
020 ## - INTERNATIONAL STANDARD BOOK NUMBER
International Standard Book Number 9780176500474
050 ## - LIBRARY OF CONGRESS CALL NUMBER
Classification number QA303.2.L69
100 ## - MAIN ENTRY--PERSONAL NAME
Personal name Lovric, Miroslav.
245 ## - TITLE STATEMENT
Title Calculus.. Fear no more: a review and reference for college and university cources. /
Statement of responsibility, etc. Miroslav, Lovric
260 ## - PUBLICATION, DISTRIBUTION, ETC.
Place of publication, distribution, etc. Toronto:
Name of publisher, distributor, etc. Nelson Education Ltd,
Date of publication, distribution, etc. 2011.
300 ## - PHYSICAL DESCRIPTION
Extent xvi, 176p.:
Other physical details ill.;
Dimensions 28cm.
500 ## - GENERAL NOTE
General note Includes index
942 ## - ADDED ENTRY ELEMENTS (KOHA)
Source of classification or shelving scheme Library of Congress Classification
Koha item type Books
Holdings
Withdrawn status Lost status Source of classification or shelving scheme Damaged status Not for loan Home library Current library Shelving location Date acquired Total Checkouts Full call number Barcode Date last seen Copy number Price effective from Koha item type
    Library of Congress Classification     WISCONSIN INTERNATIONAL UNIVERSITY COLLEGE, GHANA - MAIN LIBRARY WISCONSIN INTERNATIONAL UNIVERSITY COLLEGE, GHANA - MAIN LIBRARY General Stacks 18/04/2018   QA303.2.L69 8076/036/16. 18/04/2018 1 18/04/2018 Books

If you have any concerns or questions; kindly contact the library


© Powered by WIUC ICT DIRECTORATE